000 01411cam a22001934a 4500
005 20250605164126.0
008 250528s ||||||||||||||||||||||||d
035 _a18478
020 _a201342928
040 _aGR-AtMCL
_bgre
_dGR-AtMCL
_eAACR2
245 1 _aDiscrete Mathematics / Numbers and Beyond
260 _bPrentice Hall,
_c1998
300 _a444
520 _aThis book supplies the reader with a thorough grounding in number systems, modular arithmetic, combinatorics, networks and graphs, coding theory and recurrence relations. Preface, Introduction: The Fascination of Numbers, Russian Multiplication, Divisibility, Other Types of Numbers, Miscellaneous Problems, Interlude: Proof by Induction, The Sigma Notation for Summation, Miscellaneous Problems, Number Systems, Clocks and Compasses and Computers, Number Bases, Greatest Common Divisor, Modular Arithmetic, Combinatorics, Binomial Coefficients, Pigeonhole Principle, Inclusion and Exclusion, Probability, Codes, Examples of Codes, Hamming Distance, Linear Codes, Decimal Codes, BCH Codes, Cryptology, Recurrence Relations, Iteration, First Order Linear Difference Equations, Second Order Linear Difference Equations with Constant Coefficients, Graphs and Networks, Definitions, Classes of Graphs, Optimization in Networks, Further Reading, Index.
700 1 _aBarnett Stephen
_94737
942 _cBK
999 _c3839
_d3839